| 000 | 00595cam a22001577a 4500 | ||
|---|---|---|---|
| 008 | 180718b2005 xxu||||| |||| 00| 0 eng d | ||
| 082 | _aT42x54 T157/2005/1 | ||
| 100 | _aTannan, M. L. | ||
| 245 |
_aTannan's banking law digest (1950-2004) _cby M. L. Tannan |
||
| 250 | _a21st ed. | ||
| 260 |
_aNew Delhi _bWadhwa _c2005 |
||
| 300 | _a2 vols. | ||
| 500 | _aContents:v.1. Abkari act to national stock exchange 789p.; v.2. Negotiable instruments act to workman, 790-1561p. | ||
| 650 | _aBanks and banking - Records and correspondence - Law and legislation - India | ||
| 650 | _aBanking law - India | ||
| 999 |
_c404376 _d404376 |
||